| 000 | 00681nam a22001937a 4500 | ||
|---|---|---|---|
| 999 |
_c168352 _d168352 |
||
| 005 | 20191004172428.0 | ||
| 010 | _aUR-10523 | ||
| 020 |
_c70.00 _a- |
||
| 035 | _aU-9078 | ||
| 037 |
_bDBAD/PUB _a- |
||
| 082 | _a270 | ||
| 100 | _aمحمد ر يا ض کر ما نی | ||
| 245 |
_aو حی علم ا و ر سا ءنس _cمحمد ر يا ض کر ما نی |
||
| 246 |
_bWahi Illm Aur science (Urdu) _aby Dr. Mohd. Riyaz Kirmani |
||
| 260 |
_aN.Delhi _bMerkazi Maktaba Islami Publishers _c2013 ء |
||
| 270 |
_aD-307,Dawat nagar,Abul Fazal Enclave,Jamia Ngr. _bN.Delhi _e110025 _k26911652 _l- |
||
| 300 |
_a152ص _c22 Cm(Hb) |
||
| 942 |
_2ddc _cUR _h270 _mم ح م |
||